000 00918nam a22002297a 4500
005 20120907120712.0
008 120907t xxu||||| |||| 00| 0 eng d
010 _aENG-105796
020 _a9789380162768
_c800.00
035 _aEN-89329
037 _bDBAD/PUB
040 _aDPL
_bEnglish
082 _a305.6970954
100 _aAbedi, Z.
_952110
245 _aIndian Muslim :
_bsocial , economic and educational studies /
_cby Z. Abedi
260 _aNew Delhi
_bArise Publishers and Distributors
_c2012
270 _a4648/11, 21, Ansari Road, Darya Ganj
_bNew Delhi
_e110002
_marise_publishers@indiatimes.com
300 _a320p.
_c23cm(Hb)
500 _aIncludes bibliographical references and index
942 _2ddc
_cEN
_h305.6970954
_mZAK
999 _c69782
_d69782